[Event "Naval CC 27th"]
[Site "Brazil"]
[Date "1995.??.??"]
[Round "5"]
[White "Ribeiro, Mauricio Suzini"]
[Black "Nunes, Obaldine"]
[Result "1-0"]
[WhiteElo "1760"]
[BlackElo "1765"]
[PlyCount "67"]
[EventDate "1995.??.??"]
[EventType "swiss"]
[EventRounds "6"]
[EventCountry "BRA"]
[SourceTitle "EXT 2005"]
[Source "ChessBase"]
[SourceDate "2004.11.15"]
[SourceVersion "1"]
[SourceVersionDate "2004.11.15"]
[SourceQuality "1"]

1. d4 Nf6 2. c4 e5 3. dxe5 Ng4 4. Nf3 Nc6 5. Bg5 Be7 6. Bf4 Bc5 7. e3 Qe7 8. Nc3 Bb4 9. Qd5 Bxc3+ 10. bxc3 Qa3 11. Qd2 b6 12. h3 Nh6 13. Bd3 Bb7 14. 0-0 0-0-0 15. Rfd1 Ne7 16. e4 Nhg8 17. Ng5 Rf8 18. Be2 Bc6 19. Bg4 f5 20. exf5 h6 21. Nf3 Nxf5 22. Bxf5 Rxf5 23. Nd4 Ne7 24. Nxc6 Rxf4 25. Nxe7+ Qxe7 26. Qxf4 Rf8 27. Qe4 c6 28. Rd6 Qf7 29. f3 Re8 30. Rad1 Re7 31. f4 g5 32. f5 Qe8 33. e6 Kc7 34. Qe5 1-0